Italian cultural studies : an introduction
Αποθηκεύτηκε σε:
| Άλλοι συγγραφείς: | , |
|---|---|
| Μορφή: | Βιβλίο |
| Γλώσσα: | English |
| Δημοσίευση: |
Oxford :
Oxford University Press,
1996
|
| Θέματα: | |
| Ετικέτες: |
Προσθήκη ετικέτας
Δεν υπάρχουν, Καταχωρήστε ετικέτα πρώτοι!
|
MARC
| LEADER | 00000nam a2200000 i 4500 | ||
|---|---|---|---|
| 001 | 1/9961 | ||
| 008 | 970411s1996 eng d | ||
| 020 | |a 0-19-871509-9 | ||
| 035 | |l 10017677 | ||
| 040 | |a GR-MY-UA |b gre |e aacr | ||
| 041 | 0 | |a eng | |
| 082 | 0 | |a 945.09 | |
| 245 | 1 | 0 | |a Italian cultural studies : |b an introduction / |c Edited by David Forgacs and Robert Lumley |
| 260 | |a Oxford : |b Oxford University Press, |c 1996 | ||
| 300 | |a 368 p. |b fig., ill., tables | ||
| 504 | |a Includes bibliographical references and index | ||
| 650 | 0 | 0 | |a Popular culture |z Italy |x History |y 20th century. |
| 651 | 0 | |a Italy |x Civilization |y 20th century. | |
| 651 | 0 | |a Italy |x Politics and government |y 20th century. | |
| 700 | 1 | |a Forgacs, David. |4 edt | |
| 700 | 1 | |a Lumley, Robert |d 1951- |4 edt | |
| 852 | |a INST |b LESVOS |e 19970411 |h 945.09 ITA |p 005100011509 |q 005100011509 |t BK |y 0 | ||
| 909 | |a Λ |b 049734 | ||